Organizational Behavior 13th Edition (Record no. 20663)

MARC details
000 -LEADER
fixed length control field 00350nam a22001337a 4500
008 - FIXED-LENGTH DATA ELEMENTS--GENERAL INFORMATION
fixed length control field 240517b |||||||| |||| 00| 0 eng d
020 ## - INTERNATIONAL STANDARD BOOK NUMBER
ISBN 978-81-203-3565-3
100 ## - MAIN ENTRY--AUTHOR NAME
Personal name S. P. Robbions & T. A. Judge
245 ## - TITLE STATEMENT
Title Organizational Behavior 13th Edition
250 ## - EDITION STATEMENT
Edition statement 13th Edition
260 ## - PUBLICATION, DISTRIBUTION, ETC. (IMPRINT)
Place of publication New Delhi
Name of publisher PHI
Year of publication 2008
300 ## - PHYSICAL DESCRIPTION
Number of Pages 716
942 ## - ADDED ENTRY ELEMENTS (KOHA)
Source of classification or shelving scheme Dewey Decimal Classification
Koha item type Books
Holdings
Accession Number Source of acquisition Price effective from Koha item type Withdrawn / writtenoff status Damaged status Not for loan Permanent Location Current Location Shelving location Date acquired Lost/ Missing status department
BBA 272 Donated By Dr. Sahil Sawhney, GM, MIET 05/17/2024 Books       MIET Library, Jammu MIET Library, Jammu 189/2 05/17/2024   BBA